000 00314nam a22001337a 4500
008 170929b xxu||||| |||| 00| 0 eng d
020 _a9780312565824
041 _aeng
080 _a37
100 _a37
101 _aEDU
245 _aTEAM WRITING A GUIDE TO WORKING IN GROUPS
_cWOLFE.J
942 _2udc
_cBK
999 _c30734
_d30734